000 00160 a2200085 4500
041 _aspa
100 _aLa prensa
245 _aAtlas del cuerpo humano
942 _cBK
999 _c30984
_d30982